000 00573nam a22001697a 4500
008 260612b |||||||| |||| 00| 0 eng d
020 _a9780123822000
050 _aRA 651
_b.E65 2010
245 _aEpidemiology and demography in public health /
_cedited by Japhet Killewo...[et al.].
300 _axv, 492p, :
_bill. ;
_c26 cm.
504 _aincludes bibliographical references and index.
650 _aEpidemiology.
700 _aKillewo, Japhet
700 _aHeggenhougen, H.K.
700 _aQuah, Stella R.
942 _2lcc
_hRA 651 .E65 2010
_cBOOKS
999 _c32520
_d32520